00167nam a2200073Ia 4500008004100000041000800041100001400049245003000063230411s9999 xx 000 0 und d aeng aKishore J aNational Health Programme